[Event "SVK-chT1E 2122"]
[Site "Slovakia"]
[Date "2022.05.15"]
[Round "11.3"]
[White "Simonova, Stela"]
[Black "Lukac, Roman"]
[Result "1/2-1/2"]
[WhiteElo "1778"]
[BlackElo "2056"]
[PlyCount "38"]
[EventDate "2022.01.29"]
[EventType "team-tourn"]
[EventRounds "11"]
[EventCountry "SVK"]
[SourceTitle "EXT 2023"]
[Source "ChessBase"]
[SourceDate "2022.10.05"]
[SourceVersion "1"]
[SourceVersionDate "2022.10.05"]
[SourceQuality "1"]
[WhiteTeam "Humenne Reinter II"]
[BlackTeam "Banska Bystrica Junior"]
[WhiteTeamCountry "SVK"]
[BlackTeamCountry "SVK"]

1. d4 Nf6 2. Bf4 c6 3. c3 Qb6 4. Qb3 d6 5. Nd2 Be6 6. Qc2 g6 7. e4 d5 8. Bd3 Bg7 9. Ngf3 dxe4 10. Nxe4 Nxe4 11. Bxe4 Nd7 12. 0-0 Nf6 13. Bd3 0-0 14. Rfe1 Rae8 15. h3 c5 16. Qd2 cxd4 17. Nxd4 Bd7 18. Nf3 Rd8 19. Qc2 Rfe8 1/2-1/2

[Event "SVK-ch U20 Girls rapid"]
[Site "Nitra"]
[Date "2021.09.11"]
[Round "3"]
[White "Simonova, Stela"]
[Black "Havranova, Hana"]
[Result "1-0"]
[WhiteElo "1516"]
[BlackElo "1126"]
[PlyCount "79"]
[EventDate "2021.09.11"]
[EventType "swiss (rapid)"]
[EventRounds "7"]
[EventCountry "SVK"]
[SourceTitle "EXT 2023"]
[Source "ChessBase"]
[SourceDate "2022.10.05"]
[SourceVersion "1"]
[SourceVersionDate "2022.10.05"]
[SourceQuality "1"]

1. d4 b6 2. Bf4 Bb7 3. Nf3 Nf6 4. e3 e6 5. Nbd2 g6 6. Be2 Bg7 7. h3 0-0 8. 0-0 d5 9. c3 Nbd7 10. a4 c5 11. a5 Re8 12. Bb5 a6 13. Bxd7 Nxd7 14. axb6 Qxb6 15. Qb3 Qxb3 16. Nxb3 c4 17. Na5 Bc8 18. b3 e5 19. dxe5 Nxe5 20. Nd4 Nd3 21. Bg3 Bxd4 22. exd4 cxb3 23. Nxb3 Bd7 24. Nc1 Nb2 25. Rb1 Nc4 26. Nb3 a5 27. Rfd1 a4 28. Nc5 Bf5 29. Ra1 Re2 30. Rxa4 Rae8 31. Ra7 Nb2 32. Rda1 Nd3 33. Ra8 Rxa8 34. Rxa8+ Kg7 35. Nxd3 Bxd3 36. Be5+ Kh6 37. Ra7 Re1+ 38. Kh2 f5 39. Bf4+ Kh5 40. Rxh7# 1-0

[Event "SVK-ch U20 Girls rapid"]
[Site "Nitra"]
[Date "2021.09.11"]
[Round "4"]
[White "Simonova, Stela"]
[Black "Sankova, Stella"]
[Result "0-1"]
[WhiteElo "1516"]
[BlackElo "1872"]
[PlyCount "50"]
[EventDate "2021.09.11"]
[EventType "swiss (rapid)"]
[EventRounds "7"]
[EventCountry "SVK"]
[SourceTitle "EXT 2023"]
[Source "ChessBase"]
[SourceDate "2022.10.05"]
[SourceVersion "1"]
[SourceVersionDate "2022.10.05"]
[SourceQuality "1"]

1. d4 d5 2. Bf4 c5 3. e3 Nc6 4. c3 Qb6 5. Qc1 Bf5 6. Nd2 cxd4 7. exd4 Rc8 8. Ngf3 Nb4 9. cxb4 Rxc1+ 10. Rxc1 Nf6 11. a3 g6 12. Be2 Bg7 13. 0-0 0-0 14. Rfe1 Ne4 15. Bc7 Qe6 16. Nb3 Bh6 17. Rcd1 Rc8 18. Be5 b6 19. Nbd2 Nxd2 20. Nxd2 Bc2 21. Ba6 Bxd1 22. Bxc8 Qxc8 23. Rxd1 Bxd2 24. h3 Qc2 25. Rf1 Qxb2 0-1

[Event "Wch FIDE Online U16 Girls Europe qual"]
[Site "Tornelo INT"]
[Date "2020.12.09"]
[Round "7"]
[White "Simonova, Stela"]
[Black "Jaufarally, Nadia"]
[Result "0-1"]
[WhiteElo "1516"]
[BlackElo "1613"]
[PlyCount "154"]
[EventDate "2020.12.07"]
[EventType "swiss (rapid)"]
[EventRounds "7"]
[EventCountry "ISS"]
[SourceTitle "EXT 2022"]
[Source "ChessBase"]
[SourceDate "2021.10.06"]
[SourceVersion "1"]
[SourceVersionDate "2021.10.06"]
[SourceQuality "1"]

1. d4 Nf6 2. Bf4 g6 3. e3 Bg7 4. Nd2 d6 5. Ngf3 0-0 6. h3 Nbd7 7. Be2 Re8 8. 0-0 e5 9. dxe5 dxe5 10. Bg5 h6 11. Bh4 Qe7 12. c3 c6 13. Qc2 Nc5 14. Nc4 Bf5 15. Qc1 Nd3 16. Qd1 Rad8 17. Qb3 g5 18. Bg3 Ne4 19. Bxd3 Nxg3 20. Bxf5 Nxf5 21. Rad1 e4 22. Nd4 Nxd4 23. cxd4 Kh8 24. Rc1 Rd5 25. Qc2 f5 26. Qd2 c5 27. Qe2 cxd4 28. exd4 Rxd4 29. Rfd1 Red8 30. Rxd4 Bxd4 31. b3 a6 32. Qh5 Kh7 33. Qe2 b5 34. Ne3 Qe5 35. Rd1 Rd6 36. Qe1 Bxe3 37. Rxd6 Bxf2+ 38. Qxf2 Qxd6 39. Qxf5+ Qg6 40. Qd7+ Qg7 41. Qf5+ Qg6 42. Qd7+ Kg8 43. Qd8+ Kg7 44. Qd7+ Qf7 45. Qd4+ Kf8 46. Qxe4 Qa7+ 47. Kh1 Qc7 48. Qf5+ Kg7 49. Qf1 Qc2 50. Qa1+ Kg6 51. a3 Qxb3 52. Qc1 Qc4 53. Qb1+ Kf6 54. Qa1+ Ke6 55. Qe1+ Kd6 56. Qd1+ Kc5 57. Qb1 a5 58. Qg1+ Qd4 59. Qc1+ Kd5 60. Qb1 b4 61. Qa2+ Kc5 62. Qc2+ Kb5 63. Qe2+ Kc5 64. Qc2+ Qc3 65. Qf5+ Kc4 66. Qe6+ Kd3 67. Qf5+ Kd2 68. Qf2+ Kc1 69. axb4 axb4 70. Qf1+ Kb2 71. Qf2+ Ka3 72. Qa7+ Kb2 73. Qf2+ Qc2 74. Qf6+ Kc1 75. Qa1+ Qb1 76. Qe5 b3 77. Qc5+ Kb2+ 0-1

[Event "Wch FIDE Online U16 Girls Europe qual"]
[Site "Tornelo INT"]
[Date "2020.12.09"]
[Round "6"]
[White "Sitkauskaite, Leva"]
[Black "Simonova, Stela"]
[Result "0-1"]
[WhiteElo "1384"]
[BlackElo "1516"]
[PlyCount "54"]
[EventDate "2020.12.07"]
[EventType "swiss (rapid)"]
[EventRounds "7"]
[EventCountry "ISS"]
[SourceTitle "EXT 2022"]
[Source "ChessBase"]
[SourceDate "2021.10.06"]
[SourceVersion "1"]
[SourceVersionDate "2021.10.06"]
[SourceQuality "1"]

1. e4 d5 2. exd5 Qxd5 3. Nc3 Qd6 4. d4 Nf6 5. Nf3 a6 6. g3 Bg4 7. Bg2 Nc6 8. Ne2 e6 9. 0-0 h6 10. Bf4 Qd7 11. h3 Bh5 12. g4 Bg6 13. Ne5 Nxe5 14. dxe5 Nd5 15. Bg3 0-0-0 16. c3 h5 17. g5 h4 18. Bh2 Bc5 19. Kh1 Qe7 20. f4 Ne3 21. Qb3 Nxg2 22. Kxg2 Be4+ 23. Rf3 Bxf3+ 24. Kxf3 Rd3+ 25. Kg2 Qd7 26. Re1 Qc6+ 27. Kf1 Qf3# 0-1

[Event "SVK-ch U16/20 Girls"]
[Site "Liptovsky Mikulas"]
[Date "2019.04.23"]
[Round "1"]
[White "Harajova, Karolina"]
[Black "Simonova, Stela"]
[Result "0-1"]
[WhiteElo "1109"]
[BlackElo "1712"]
[PlyCount "60"]
[EventDate "2019.04.23"]
[EventType "swiss"]
[EventRounds "9"]
[EventCountry "SVK"]
[SourceTitle "CBM 190 Extra"]
[Source "ChessBase"]
[SourceDate "2019.07.15"]
[SourceVersion "1"]
[SourceVersionDate "2019.07.15"]
[SourceQuality "1"]

1. e4 d5 2. e5 Bf5 3. Nf3 e6 4. Nc3 c5 5. Bb5+ Nd7 6. 0-0 a6 7. Bxd7+ Qxd7 8. d3 Ne7 9. Bf4 Nc6 10. b3 Bg4 11. Re1 Nd4 12. Re3 Nxf3+ 13. Rxf3 Bxf3 14. Qxf3 Rc8 15. Na4 Qc6 16. Qg3 c4 17. Nc3 cxd3 18. Nd1 dxc2 19. Qf3 cxd1Q+ 20. Qxd1 Qc2 21. Qf1 Ba3 22. h3 0-0 23. Rb1 Qe4 24. g3 Rc2 25. Re1 Qf5 26. Kg2 Rfc8 27. Rd1 Rxa2 28. Qe1 Rcc2 29. Be3 Qe4+ 30. Kg1 Bc5 0-1

[Event "SVK-chT2D 1819"]
[Site "Slovakia"]
[Date "2019.03.03"]
[Round "9.8"]
[White "Schwabik, Bruno"]
[Black "Simonova, Stela"]
[Result "1-0"]
[WhiteElo "2034"]
[BlackElo "1741"]
[PlyCount "89"]
[EventDate "2018.10.13"]
[EventType "team-tourn"]
[EventRounds "11"]
[EventCountry "SVK"]
[SourceTitle "CBM 189 Extra"]
[Source "ChessBase"]
[SourceDate "2019.06.03"]
[SourceVersion "1"]
[SourceVersionDate "2019.06.03"]
[SourceQuality "1"]
[WhiteTeam "Spisska Nova Ves"]
[BlackTeam "Humenne Reinter"]
[WhiteTeamCountry "SVK"]
[BlackTeamCountry "SVK"]

1. e4 d5 2. exd5 Qxd5 3. Nc3 Qd6 4. Nf3 Nf6 5. Be2 a6 6. 0-0 Bg4 7. h3 Bh5 8. b4 Nc6 9. b5 axb5 10. Nxb5 Qd7 11. d4 e6 12. Bf4 Rc8 13. c4 Be7 14. Re1 0-0 15. Ne5 Nxe5 16. dxe5 Qxd1 17. Raxd1 Bxe2 18. exf6 Bxd1 19. fxe7 Rfe8 20. Rxd1 Rxe7 21. Bxc7 h6 22. Rd8+ Rxd8 23. Bxd8 Rd7 24. Bb6 Kf8 25. Kf1 Ke7 26. Ke2 g5 27. a4 e5 28. a5 Ke6 29. g4 f6 30. f3 Kf7 31. Nc7 Ke7 32. Nd5+ Ke6 33. Ke3 Rd6 34. Ke4 Rd7 35. Bc5 Rh7 36. Bb6 Rd7 37. Bc5 Rh7 38. Be7 Rxe7 39. Nxe7 Kxe7 40. Kd5 Kd7 41. Kc5 Kc7 42. Kb5 Kc8 43. Kb6 Kb8 44. c5 Kc8 45. c6 1-0

[Event "SVK-ch U14 Girls"]
[Site "Liptovsky Mikulas"]
[Date "2017.04.27"]
[Round "8"]
[White "Simonova, Stela"]
[Black "Slaba, Andrea"]
[Result "0-1"]
[WhiteElo "1550"]
[BlackElo "1892"]
[PlyCount "90"]
[EventDate "2017.04.22"]
[EventType "swiss"]
[EventRounds "9"]
[EventCountry "SVK"]
[SourceTitle "CBM 178 Extra"]
[Source "ChessBase"]
[SourceDate "2017.06.22"]
[SourceVersion "1"]
[SourceVersionDate "2017.06.22"]
[SourceQuality "1"]

1. e4 d6 2. d4 Nf6 3. Nc3 g6 4. Nf3 Bg7 5. Be2 0-0 6. 0-0 Nbd7 7. h3 c6 8. a4 Qc7 9. Be3 e5 10. dxe5 dxe5 11. Bc4 h6 12. Qd2 Kh7 13. Rad1 Ne8 14. Rfe1 b6 15. b3 Ndf6 16. Qd3 a6 17. b4 Bb7 18. Nd2 Nd6 19. Bxb6 Qxb6 20. Qxd6 Rad8 21. Qc5 Qxc5 22. bxc5 Rd4 23. a5 Rfd8 24. Re2 Nh5 25. g3 f5 26. Bd3 Bc8 27. exf5 Bxf5 28. Bxf5 gxf5 29. Kg2 e4 30. Kg1 R4d7 31. Na4 e3 32. fxe3 Nxg3 33. Rg2 Ne4 34. Nb6 Rxd2 35. Rgxd2 Rxd2 36. Rb1 Rxc2 37. Nd7 Nxc5 38. Nb8 Rb2 39. Rxb2 Bxb2 40. Nxc6 Kg6 41. Kf2 Bc3 42. Kf3 Kg5 43. Kg3 Be1+ 44. Kg2 Kh4 45. Kh2 Bf2 0-1

[Event "EU-ch U12 Girls 26th"]
[Site "Prague"]
[Date "2016.08.20"]
[Round "3"]
[White "Marcinczyk, Monika"]
[Black "Simonova, Stela"]
[Result "1-0"]
[WhiteElo "1609"]
[BlackElo "1393"]
[PlyCount "69"]
[EventDate "2016.08.18"]
[EventType "swiss"]
[EventRounds "9"]
[EventCountry "CZE"]
[SourceTitle "CBM 174 Extra"]
[Source "ChessBase"]
[SourceDate "2016.10.10"]
[SourceVersion "1"]
[SourceVersionDate "2016.10.10"]
[SourceQuality "1"]

1. e4 e6 2. e5 d5 3. exd6 Bxd6 4. d4 Nf6 5. Nf3 Nc6 6. Bg5 0-0 7. Bb5 Be7 8. 0-0 Bd7 9. c4 a6 10. Ba4 Na5 11. Bxd7 Qxd7 12. Qc2 Nc6 13. Be3 Rad8 14. Nc3 Rfe8 15. Rad1 Bb4 16. Ne4 Nxe4 17. Qxe4 Be7 18. Qg4 Kh8 19. Qh5 Bf6 20. Bg5 Qe7 21. Bxf6 gxf6 22. Rfe1 Rg8 23. Re4 Rg7 24. g3 Kg8 25. Nh4 Qd7 26. Qf3 f5 27. Ree1 Rg5 28. d5 Ne7 29. dxe6 Qe8 30. exf7+ Kxf7 31. Rxd8 Qxd8 32. Qxb7 Qd6 33. Qb3 Kf8 34. Qe3 Rg7 35. Nxf5 1-0

[Event "SVK-ch U12 Girls"]
[Site "Liptovsky Mikulas"]
[Date "2016.04.20"]
[Round "6"]
[White "Vozarova, Adriana"]
[Black "Simonova, Stela"]
[Result "1-0"]
[WhiteElo "1509"]
[BlackElo "1437"]
[PlyCount "75"]
[EventDate "2016.04.16"]
[EventType "swiss"]
[EventRounds "9"]
[EventCountry "SVK"]
[SourceTitle "CBM 172 Extra"]
[Source "ChessBase"]
[SourceDate "2016.06.21"]
[SourceVersion "1"]
[SourceVersionDate "2016.06.21"]
[SourceQuality "1"]

1. e4 e5 2. Nf3 d6 3. d4 exd4 4. Nxd4 g6 5. Be2 Bg7 6. 0-0 Nf6 7. Nc3 0-0 8. Bg5 Bd7 9. f4 Qe8 10. Bf3 Bc6 11. Re1 h6 12. Bh4 a6 13. Qd2 Qd7 14. Rad1 Re8 15. Qf2 a5 16. Qg3 Kh8 17. a4 Na6 18. Nxc6 bxc6 19. e5 Nh5 20. Bg4 Nxg3 21. Bxd7 Rf8 22. Bxg3 Rab8 23. b3 dxe5 24. fxe5 c5 25. Nb5 Rfd8 26. Bc6 Rxd1 27. Rxd1 Rf8 28. Rd7 Nb8 29. Rxc7 Nxc6 30. Rxc6 Rd8 31. Rd6 Re8 32. Rc6 Bxe5 33. Bxe5+ Rxe5 34. Rc8+ Kg7 35. Nd6 Rd5 36. Nc4 Rd1+ 37. Kf2 Rc1 38. Ne3 1-0